00863 a2200181 45000010006000000050017000060080041000230030015000640400040000790800061001192450054001802500013002342640049002473000019002965050336003150410008006511000022006595671820260407155830.0260407a1962 arg spa dAR-UNSa-BCEJYS aAR-UNSa-BCEJYSbspacAR-UNSa-BCEJYS a16xLógica. Epistemología. Teoría del conocimiento10aLógicapy nociones de teoría del conocimiento a18a. ed. 1aBuenos Aires :bEspasa-Calpe Argentinac1962 a253 p.c22 cm. a1. El pensamiento y la lógica - 2. Los principios lógicos - 3. El concepto - 4. El juicio - 5. La definición - 6. El razonamiento - 7. El silogismo - 8. Nociones de lógica moderna - 9. El método - 10. La lógica matemática - 11. La lógica de las ciencias naturales - 12. Las ciencias del espíritu y la filosofía  aspa1 aRomero, Francisco